Genéza teórií personálneho marketingu

Teoretické vymedzenie personálneho marketingu. Nový rozmer strategického personálneho marketingu. Ciele personálneho marketingu.

Na minha lista:
Detalhes bibliográficos
Autor principal: Klimentová, Lenka
Formato: Capítulo de Livro
Idioma:eslovaco
Assuntos:
Tags: Adicionar Tag
Sem tags, seja o primeiro a adicionar uma tag!

MARC

LEADER 00000nla$a2200000$$$4500
001 0103470
005 20240626114805.7
041 0 |a slo 
044 |a SK 
245 1 0 |a Genéza teórií personálneho marketingu  |c Lenka Klimentová 
520 |a Teoretické vymedzenie personálneho marketingu. Nový rozmer strategického personálneho marketingu. Ciele personálneho marketingu. 
610 2 0 |a marketing personálny 
610 2 0 |a manažment personálny 
610 2 0 |a riadenie ľudských zdrojov 
610 2 0 |a trh práce 
100 1 |a Klimentová, Lenka